Central Library OPAC University of Rajshahi

Untouchable : (Record no. 23627)

MARC details
000 -LEADER
fixed length control field 00839nam a22002772a 4500
001 - CONTROL NUMBER
control field 23627
003 - CONTROL NUMBER IDENTIFIER
rucl marc code UkOxU
005 - DATE AND TIME OF LATEST TRANSACTION
control field 20211209000943.0
008 - FIXED-LENGTH DATA ELEMENTS--GENERAL INFORMATION
fixed length control field 140311t19691951enk 000 0 eng d
020 ## - INTERNATIONAL STANDARD BOOK NUMBER
International Standard Book Number 026967117X
035 ## - SYSTEM CONTROL NUMBER
System control number BD-RjUL)23692
040 ## - CATALOGING SOURCE
Original cataloging agency TXK
Modifying agency UKM
-- EQO
Language of cataloging eng
Transcribing agency BD-RjUL
041 ## - LANGUAGE CODE
Language code of text/sound track or separate title eng
082 ## - DEWEY DECIMAL CLASSIFICATION NUMBER
Classification number 301.446
Edition number 18
Author mark and year HAU 1969
090 ## - LOCALLY ASSIGNED LC-TYPE CALL NUMBER (OCLC); LOCAL CALL NUMBER (OCLC)
Classification number (OCLC) (R) ; Classification number, CALL (RLIN) (NR) DS422.C3
Local cutter number (OCLC) ; Book number/undivided call number, CALL (RLIN) H39 1969x
100 0# - MAIN ENTRY--PERSONAL NAME
Personal name Hazari.
9 (RLIN) 72716
245 10 - TITLE STATEMENT
Title Untouchable :
Remainder of title the autobiography of an Indian outcaste. /
Statement of responsibility, etc. Introd. by Beatrice Pitney Lamb
260 ## - PUBLICATION, DISTRIBUTION, ETC. (IMPRINT)
Place of publication, distribution, etc. London :
Name of publisher, distributor, etc. Pall Mall Press,
Date of publication, distribution, etc. 1969 c1951
300 ## - PHYSICAL DESCRIPTION
Pagination xvii, 198 p. ;
Size 22 cm
500 ## - GENERAL NOTE
General note First published in 1951 under title: I was an outcaste
650 #0 - SUBJECT ADDED ENTRY--TOPICAL TERM
Topical term or geographic name as entry element Dalits
9 (RLIN) 72717
651 #0 - SUBJECT ADDED ENTRY--GEOGRAPHIC NAME
Geographic name India
General subdivision Social life and customs
9 (RLIN) 72718
942 ## - ADDED ENTRY ELEMENTS (KOHA)
Source of classification or shelving scheme Dewey Decimal Classification
Koha item type Books
Holdings
Lost status Source of classification or shelving scheme Damaged status Not for loan Collection code Permanent Location Current Location Shelving location Date acquired Source of acquisition Cost, normal purchase price Total Checkouts Full call number Date last seen Copy number Koha item type
  Dewey Decimal Classification   Added to bundle Non-fiction Central Library, University of Rajshahi Central Library, University of Rajshahi Reading Room 30/07/1970 Zeitlinger 40.00   301.446 HAU 1969 11/03/2014 C-1 Books